000 01717nam a2200325 a 4500
001 000045622
003 DO-SdBNP
005 20210416113610.0
007 000045622
008 150417s2012 dr 000 0 spa d
020 _a9789945479102
040 _aBPMSU
_bspa
_cBPMSU
082 _a341.4842
_bB431m, 2012
_222
100 1 _aBelisario Medina, Rafael
245 1 0 _aManual de derecho migratorio americano :
_binstructivo sobre las leyes y regulaciones migratorias de los Estados Unidos de America /
_cRafael Belisario Medina ; prólogo Juan Freddy Armando.
260 _aSanto Domingo :
_bFundación Dominico-Americana de Inmigrantes,
_c2012.
300 _a657 p. ;
_c24 cm.
500 _aIncluye datos biográficos del autor en la solapa de la cubierta
505 0 _aHistoria legislativa y desarrollo del derecho migratorio de los Estados Unidos de América --
_gSegunda parte :
_tCategorías de los visados americanos y sus procedimientos consulares --
_gTercera parte :
_tLos procesos de deportación y exclusión en los Estados Unidos de América --
_gCuarta parte :
_tProceso de naturalización en los Estados Unidos de América --
_gQuinta parte :
_tProcesos de refugio y asilo en los Estados Unidos de América --
590 _6Inventariado, 2021/VM
650 4 _aLey de emigración e inmigración
_zEstados Unidos
_b
_x
650 4 _aPolítica migratoria
_zEstados Unidos
651 4 _aEstados Unidos
_xEmigración e Inmigración
_vLegislación
651 4 _aEstados Unidos
_xEmigración e Inmigración
_vFormularios
651 4 _aEstados Unidos
_xEmigración e Inmigración
_vProcedimientos legales
700 1 2 _aArmando, Juan Freddy,
_epról.
910 _aVMateo
942 _2ddc
_cBK
945 _a
999 _c8070
_d8070